THE SWELLING AND SHRINKAGE OF WOOD UNDER MECHANICAL RESTRAINT - INFLUENCE OF PRETREATMENT OF THE WOOD WITH SOME ORGANIC CHEMICALS

Bibliographic Details
Main Authors: DURAISWAMI NARAYANAMURTI (Author), SWAMINATHAN FRANCIS XAVIER (Author)
Format: Article
Language:English

MARC

LEADER 00000nab a2200000uu 4500
001 vtls010886916
003 SK-MaSNL
005 20260303135519.0
008 230218|1972 xo |||||||||||||||||eng|
015 |a SNBRB 
035 |a (urnnbn)urn:nbn:sk:snk:ar-003etl 
035 |a (uuid)1233c263-5ce4-46c2-98ae-43f69190f5f0 
035 |a urn:nbn:sk:snk-ab8hqk 
040 |a SNKBUCL  |b slo  |c SNKBUCL  |e AACR2 
041 0 |a eng 
044 |a xo  |c SK 
100 1 |a DURAISWAMI NARAYANAMURTI  |4 aut  |9 1156981 
245 1 0 |a THE SWELLING AND SHRINKAGE OF WOOD UNDER MECHANICAL RESTRAINT - INFLUENCE OF PRETREATMENT OF THE WOOD WITH SOME ORGANIC CHEMICALS  |c Duraiswami Narayanamurti, Swaminathan Francis Xavier 
700 1 |a SWAMINATHAN FRANCIS XAVIER  |4 aut  |9 1156982 
773 0 |t Drevársky výskum : sborník prác z odboru výskumu dreva  |g Roč. 17, č. 4 (1972), s. 189-196 
958 |a OND 
958 |a EUIPO 
958 |a article10 
999 |c 1966310  |d 1968240